<?xml version="1.0" encoding="UTF-8"?><?xml-stylesheet type="text/xsl" href="static/style.xsl"?><OAI-PMH xmlns="http://www.openarchives.org/OAI/2.0/" xmlns:xsi="http://www.w3.org/2001/XMLSchema-instance" xsi:schemaLocation="http://www.openarchives.org/OAI/2.0/ http://www.openarchives.org/OAI/2.0/OAI-PMH.xsd"><responseDate>2026-06-02T11:50:13Z</responseDate><request verb="GetRecord" identifier="oai:riuma.uma.es:10630/11119" metadataPrefix="marc">https://riuma.uma.es/rest/oai/request</request><GetRecord><record><header><identifier>oai:riuma.uma.es:10630/11119</identifier><datestamp>2026-02-03T10:16:28Z</datestamp><setSpec>com_10630_1685</setSpec><setSpec>col_10630_38084</setSpec></header><metadata><record xmlns="http://www.loc.gov/MARC21/slim" xmlns:dcterms="http://purl.org/dc/terms/" xmlns:doc="http://www.lyncode.com/xoai" xmlns:xsi="http://www.w3.org/2001/XMLSchema-instance" xsi:schemaLocation="http://www.loc.gov/MARC21/slim http://www.loc.gov/standards/marcxml/schema/MARC21slim.xsd">
   <leader>00925njm 22002777a 4500</leader>
   <datafield ind2=" " ind1=" " tag="042">
      <subfield code="a">dc</subfield>
   </datafield>
   <datafield ind2=" " ind1=" " tag="720">
      <subfield code="a">Gallegos-Reina, Antonio Jesús</subfield>
      <subfield code="e">author</subfield>
   </datafield>
   <datafield ind2=" " ind1=" " tag="720">
      <subfield code="a">Carrasco-García, Irene María</subfield>
      <subfield code="e">author</subfield>
   </datafield>
   <datafield ind2=" " ind1=" " tag="260">
      <subfield code="c">2016-04-05</subfield>
   </datafield>
   <datafield ind2=" " ind1=" " tag="520">
      <subfield code="a">En las guías docentes se establece el contexto de&#xd;
la importancia que tiene la realización de este &#xd;
trabajo  ya  sea  para  más  adelante  realizar  estudios superiores o para  adquirir  las habilidades requeridas  para  la  inmersión  en  el  mundo  laboral  por  parte  del  estudiante.  El  TFG  es  una asignatura obligatoria de 12 créditos en los grados de Química y Geografía&#xd;
que forma parte de los contenidos del segundo semestre del cuarto curso de cada titulación. Equivale por tanto a 300  horas  de  trabajo  total  del  estudiante,  incluyendo  la  puesta  al  día  de  conocimientos, realización,  redacción  y  defensa  del  trabajo,  así  como  con  las  actividades  presenciales  que  se programen.&#xd;
Dada la importancia de esta asignatura, el estudiante deberá presentar un ejercicio original con la ayuda y supervisión de un tutor, que puede ser asignado, o previo acuerdo entre  alumno y&#xd;
tutor, que luego deberá presentar y defender ante un tribunal universitario.</subfield>
   </datafield>
   <datafield ind1="8" ind2=" " tag="024">
      <subfield code="a">http://hdl.handle.net/10630/11119</subfield>
   </datafield>
   <datafield ind1="8" ind2=" " tag="024">
      <subfield code="a">0000-0002-2711-111X</subfield>
   </datafield>
   <datafield ind2="0" ind1="0" tag="245">
      <subfield code="a">Propuesta de procedimiento de evaluación por competencias y tutorización de la asignatura de trabajo fin de grado</subfield>
   </datafield>
</record>
</metadata></record></GetRecord></OAI-PMH>